[Event "Wellington CC Summer Cup"]
[Site "Wellington"]
[Date "2016.01.21"]
[Round "1"]
[White "Scarlett, William"]
[Black "Farrington, Lawrence B"]
[Result "1/2-1/2"]
[WhiteElo "1336"]
[BlackElo "1851"]
[PlyCount "91"]
[EventDate "2016.01.21"]
[EventType "swiss"]
[EventRounds "8"]
[EventCountry "NZL"]
[SourceTitle "EXT 2018"]
[Source "ChessBase"]
[SourceDate "2017.10.13"]
[SourceVersion "1"]
[SourceVersionDate "2017.10.13"]
[SourceQuality "1"]

1. e4 e6 2. c4 d5 3. cxd5 exd5 4. exd5 Nf6 5. Qf3 Qxd5 6. Qxd5 Nxd5 7. Bc4 Nb4 8. Na3 c6 9. Ne2 Bg4 10. Bb3 Nd3+ 11. Kf1 Bc5 12. f3 Bh5 13. Bc2 Nxc1 14. Rxc1 Nd7 15. Bf5 Bxa3 16. Bxd7+ Kxd7 17. bxa3 Rhe8 18. Nf4 Bg6 19. Nxg6 hxg6 20. Kf2 Rad8 21. Rhe1 Rxe1 22. Kxe1 Re8+ 23. Kf2 Re5 24. Rc3 Rd5 25. Ke2 Kd6 26. Rb3 Re5+ 27. Kf2 b6 28. Rd3+ Rd5 29. Rxd5+ Kxd5 30. Ke3 Kc4 31. Ke4 f6 32. f4 Kb5 33. h4 Ka4 34. g4 Kxa3 35. h5 gxh5 36. gxh5 Kxa2 37. Kf5 b5 38. Kg6 b4 39. Kxg7 b3 40. h6 b2 41. h7 b1Q 42. h8Q Qg1+ 43. Kf7 Qd4 44. Qxf6 Qd7+ 45. Kg6 Qg4+ 46. Qg5 1/2-1/2

[Event "Wellington CC Summer Cup"]
[Site "Wellington"]
[Date "2015.03.19"]
[Round "6"]
[White "Cunningham, Patrick D"]
[Black "Scarlett, William"]
[Result "1-0"]
[WhiteElo "1700"]
[BlackElo "1325"]
[PlyCount "35"]
[EventDate "2015.02.05"]
[EventType "swiss"]
[EventRounds "8"]
[EventCountry "NZL"]
[SourceTitle "EXT 2018"]
[Source "ChessBase"]
[SourceDate "2017.10.13"]
[SourceVersion "1"]
[SourceVersionDate "2017.10.13"]
[SourceQuality "1"]

1. d4 c5 2. c3 d5 3. Nf3 Nc6 4. e3 c4 5. Be2 e6 6. 0-0 Bd7 7. Nbd2 Qc7 8. e4 0-0-0 9. b3 Qa5 10. Bb2 Nf6 11. e5 Ne4 12. Nxe4 dxe4 13. Ng5 Be8 14. Nxe4 Nxe5 15. Qc2 cxb3 16. axb3 Qc7 17. dxe5 Qxe5 18. c4 1-0

[Event "Wellington CC Summer Cup"]
[Site "Wellington"]
[Date "2015.02.19"]
[Round "3"]
[White "Scarlett, William"]
[Black "Collings, Alex"]
[Result "1-0"]
[WhiteElo "1325"]
[BlackElo "1089"]
[PlyCount "44"]
[EventDate "2015.02.05"]
[EventType "swiss"]
[EventRounds "8"]
[EventCountry "NZL"]
[SourceTitle "EXT 2018"]
[Source "ChessBase"]
[SourceDate "2017.10.13"]
[SourceVersion "1"]
[SourceVersionDate "2017.10.13"]
[SourceQuality "1"]

1. e4 e5 2. Nf3 Nc6 3. Bb5 f6 4. Nc3 d6 5. Bxc6+ bxc6 6. d3 d5 7. 0-0 dxe4 8. dxe4 Qxd1 9. Rxd1 Bg4 10. Rd3 Rd8 11. Rxd8+ Kxd8 12. Nd2 Bb4 13. a3 Ba5 14. b4 Bb6 15. Nc4 Bd4 16. Bb2 Be2 17. Nxe2 Bxb2 18. Nxb2 Ne7 19. f4 exf4 20. Nxf4 Kc8 21. Nc4 Rd8 22. Ne6 Rd4 1-0